zpět

Detail výsledku týmu

Pivovar Born, Nový Bor

Datum a čas kvízu

25 Celkem bodů Celkový počet nahraných bodů na tomto kvízu bez doplňovacích otázek.
11. Pořadí na kvízu Konečné umístění týmu na tomto kvízu.

Zaznamenané odpovědi

# Otázka Odpověď Body Výsledky
1. Jakou přezdívku si vysloužilo... Varle 0
2. Odstín které barvy byl americk... bílé 0
3. Kterou známou hollywoodskou he... Julii Roberts 1
4. Který asijský stát oznámil, že... Čína 0
5. Minulý týden se v Premier Leag... Manchester City, Erling Haaland 0
6. Jak jinak začít toto téma, než... žlutý trpaslík 0.5
7. Další otázku věnujme Zemi. Jed... 6378 km 0
8. Nyní se podíváme na planety, c... Merkur; Venuše 0.5
9. Na řadě je rychlost planet. Co... B 0
10. Přiřaďte názvy těchto měsíců k... 1B 2A 3D 4C 0